Vyčerpala integrácia svoj potenciál ?

Na minha lista:
Detalhes bibliográficos
Autor principal: Moravčík, Miloš
Formato: Capítulo de Livro
Idioma:eslovaco
Tags: Adicionar Tag
Sem tags, seja o primeiro a adicionar uma tag!

MARC

LEADER 00000naa$a2200000$$$4500
001 0104178
005 20240502072135.5
041 0 |a slo 
044 |a SK 
245 1 0 |a Vyčerpala integrácia svoj potenciál ?  |c Miloš Moravčík 
100 1 |a Moravčík, Miloš